Catálogo

Vista normal Vista MARC

Entrada Personal Name

Número de registros utilizados en: 2

001 - CONTROL NUMBER

  • control field: 16540

003 - CONTROL NUMBER IDENTIFIER

  • control field: DLC

005 - DATE AND TIME OF LATEST TRANSACTION

  • control field: 20260512091734.0

008 - FIXED-LENGTH DATA ELEMENTS

  • fixed length control field: 101020n| acannaabn |a aaa c

010 ## - LIBRARY OF CONGRESS CONTROL NUMBER

  • LC control number: no2010170866

035 ## - SYSTEM CONTROL NUMBER

  • System control number: (OCoLC)oca08662569

040 ## - CATALOGING SOURCE

  • Original cataloging agency: MX-MxBN
  • Language of cataloging: spa
  • Transcribing agency: Mx-PuUPA
  • Modifying agency: Mx-PuUPA
  • Description conventions: rda

100 1# - HEADING--PERSONAL NAME

  • Personal name: Ramírez Zermeño, Rosa María,

374 ## - OCCUPATION

  • Occupation: Autora

375 ## - GENDER

  • Gender: mujer

377 ## - ASSOCIATED LANGUAGE

  • Language code: spa

400 1# - SEE FROM TRACING--PERSONAL NAME

  • Personal name: Zermeño, Rosa María Ramírez

670 ## - SOURCE DATA FOUND

  • Source citation: Alimentos funcionales : principios y nuevos productos, 2010:
  • Information found: t.p. (Rosa María Ramírez Zermeño)